Advances in agronomy V.74 (Record no. 41899)

MARC details
000 -LEADER
fixed length control field 00374nam a2200145Ia 4500
020 ## - INTERNATIONAL STANDARD BOOK NUMBER
ISBN 0120007924
082 ## - DEWEY DECIMAL CLASSIFICATION NUMBER
Classification number 631/635
Item number ADV.74
100 ## - MAIN ENTRY--AUTHOR NAME
Personal name Sparks, Donald L
245 #0 - TITLE STATEMENT
Title Advances in agronomy V.74
260 ## - PUBLICATION, DISTRIBUTION, ETC. (IMPRINT)
Place of publication San Diego
Name of publisher Academic Press
Year of publication 2001
650 ## - SUBJECT ADDED ENTRY--TOPICAL TERM
Topical Term Acid soil tolerance
650 ## - SUBJECT ADDED ENTRY--TOPICAL TERM
Topical Term Soil quality
942 ## - ADDED ENTRY ELEMENTS (KOHA)
Koha item type Books
Holdings
Withdrawn status Lost status Damaged status Not for loan Home library Current library Date acquired Cost, normal purchase price Full call number Accession Number Koha item type
        RRII Library RRII Library 16/12/2021 109.95 631/635 ADV.74 22181 Books